| 000 | 00311nam a2200133 i 4500 | ||
|---|---|---|---|
| 001 | bg | ||
| 100 | 1 | _aKUBÓW, Stefan | |
| 245 | 0 |
_aSylwetki polskich bibliologów / _cStefan Kubów. |
|
| 260 |
_aWrocław, _c1983. |
||
| 040 | _cBPK | ||
| 041 | _apol | ||
| 942 | _cKS | ||
| 008 | s pl f |000 0 pol | ||
| 999 |
_c22150 _d22150 |
||
| 856 |
_uhttp://koha.tu.koszalin.pl/cgi-bin/koha/opac-detail.pl?biblionumber=22150 _yKatalog online BPK |
||